000 01399cad a22002535a 4500
001 L137064
008 070313s2007 xxkd f 000 0 eng d
035 _a(Sirsi) u137064
041 0 _aeng
050 0 4 _a331.281333 $2 18
110 2 _aRoyal Institution of Chartered Surveyors
_94900
245 0 4 _aThe RICS and MacDonald and Company salary survey 2007
_h[electronic resource]
260 _aLondon
_bMacdonald and Company
_aLondon
_bRICS
_c2007
300 _a84p.
_c30cm.
520 _aReports that chartered surveyors earn 8% more than those without professional status, with the average salary for those working in chartered surveying across all disciplines being £50,618. The average wage for those aged between 23 and 35 is reported at £37,821. The fields reporting the highest average earnings were Property Finance, Fund Management and corporate Property Consultancy, while the fields reporting the lowest average earnings were Rural Practice, Building Surveying and Building Control.
521 2 _aAdvanced
590 _aKA
650 2 4 _aRICS SALARY AND BENEFITS SURVEYS
651 4 _aUnited Kingdom
_y
690 _aMANAGEMENT-BUSINESS MANAGEMENT-HUMAN RESOURCE MANAGEMENT
710 2 _aMacdonald and Company
_93846
856 4 1 _uhttps://www.macdonaldandcompany.com/content/dynamic.asp?id=910
_zView the item free of charge at www.macdonaldandcompany.com...
942 _n0
_2ddc
999 _c106624
_d106624